[Event "Madrid ch - Previa B"]
[Site "Madrid ESP"]
[Date "2008.11.21"]
[Round "6.4"]
[White "Roman Bada, Javier"]
[Black "Rojas Pozo, Jose Luis"]
[Result "1-0"]
[WhiteElo "2031"]
[BlackElo "1897"]
[PlyCount "149"]
[EventDate "2008.11.06"]
[EventType "swiss"]
[EventRounds "9"]
[EventCountry "ESP"]
[Source "lmi"]
[SourceDate "2008.11.06"]

1. e4 c5 2. Nc3 Nc6 3. g3 g6 4. Bg2 Bg7 5. d3 d6 6. Be3 e5 7. Qd2 Nge7 8. Bh6
O-O 9. h4 f6 10. Bxg7 Kxg7 11. h5 g5 12. h6+ Kh8 13. f4 Ng6 14. Nd5 gxf4 15.
gxf4 Nxf4 16. Nxf4 exf4 17. O-O-O Qa5 18. Qxa5 Nxa5 19. Rf1 Rg8 20. Bh3 Nc6 21.
Ne2 Bxh3 22. Rxh3 Rg4 23. Nxf4 Rag8 24. Nd5 Rg1 25. Rhf3 R8g6 26. Rxg1 Rxg1+
27. Kd2 Rg2+ 28. Ke1 Rg6 29. Rxf6 Kg8 30. Kf2 Rxf6+ 31. Nxf6+ Kf7 32. Nxh7 Kg6
33. Ng5 Kxh6 34. Nf7+ Kg6 35. Nxd6 b6 36. c3 Kf6 37. Ke3 Ke6 38. Nc4 b5 39. d4
cxd4+ 40. cxd4 Nb4 41. a3 Nc2+ 42. Kd3 Ne1+ 43. Kd2 Nf3+ 44. Ke3 Ne1 45. Ne5
Nc2+ 46. Kd3 Ne1+ 47. Kd2 Ng2 48. Nc6 a6 49. Nb4 a5 50. Nc6 Nh4 51. Nxa5 Nf3+
52. Ke3 Ne1 53. Nb3 Kd6 54. Nc1 Nc2+ 55. Kd3 Ne1+ 56. Kd2 Nf3+ 57. Ke3 Ne1 58.
Ne2 Ng2+ 59. Kf2 Nh4 60. Nf4 Ke7 61. b3 Kf6 62. a4 bxa4 63. bxa4 Ng6 64. Nxg6
Kxg6 65. a5 Kg5 66. Kf3 Kf6 67. a6 Ke6 68. a7 Kd6 69. a8=Q Kd7 70. Kf4 Ke6 71.
Qc6+ Ke7 72. Kf5 Kf8 73. Qd7 Kg8 74. Kg6 Kf8 75. Qd8# 1-0

[Event "Madrid ch - Previa B"]
[Site "Madrid ESP"]
[Date "2008.11.21"]
[Round "6.5"]
[White "Garcia Salamero, Gabriel"]
[Black "Dominguez Carmona, Miguel"]
[Result "1-0"]
[WhiteElo "2005"]
[BlackElo "2051"]
[PlyCount "71"]
[EventDate "2008.11.06"]
[EventType "swiss"]
[EventRounds "9"]
[EventCountry "ESP"]
[Source "lmi"]
[SourceDate "2008.11.06"]

1. f4 d5 2. Nf3 g6 3. e3 Bg7 4. d4 Nf6 5. b3 O-O 6. Bd3 b6 7. O-O Ba6 8. Nbd2
Bxd3 9. cxd3 c5 10. Bb2 Nc6 11. Ne5 Rc8 12. Ndf3 Nd7 13. Nxc6 Rxc6 14. Ne5 Rc8
15. Qg4 e6 16. Rf3 cxd4 17. Bxd4 Nxe5 18. fxe5 Qc7 19. Qf4 Qc2 20. e4 dxe4 21.
Qxe4 Qd2 22. h4 Rc2 23. Rf2 Rc1+ 24. Kh2 Qd1 25. Rxc1 Qxc1 26. Be3 Qc7 27. Bf4
Rd8 28. d4 Qd7 29. Be3 Qd5 30. Qf4 Rd7 31. h5 gxh5 32. Rf3 Rc7 33. Rg3 Kh8 34.
Qh4 Rc3 35. Rxg7 Rxe3 36. Qf6 1-0

[Event "Madrid ch - Previa B"]
[Site "Madrid ESP"]
[Date "2008.11.21"]
[Round "6.6"]
[White "Peñaranda Grilo, Juan Carlos"]
[Black "Lopez Rodriguez, Eduardo"]
[Result "0-1"]
[WhiteElo "1930"]
[BlackElo "1897"]
[PlyCount "60"]
[EventDate "2008.11.06"]
[EventType "swiss"]
[EventRounds "9"]
[EventCountry "ESP"]
[Source "lmi"]
[SourceDate "2008.11.06"]

1. d4 Nf6 2. c4 c5 3. d5 b5 4. cxb5 a6 5. b6 Qxb6 6. Nc3 g6 7. e4 d6 8. h3 Bg7
9. Nf3 Nbd7 10. Be2 O-O 11. O-O a5 12. Rb1 Ba6 13. Bxa6 Qxa6 14. Re1 Ne8 15.
Bf4 f6 16. b3 Nc7 17. Qd2 Nb5 18. Nxb5 Qxb5 19. Bh6 Qb4 20. Qe3 Rfb8 21. Bxg7
Kxg7 22. Nd2 a4 23. f4 axb3 24. axb3 Ra3 25. Ra1 Rba8 26. Rxa3 Rxa3 27. Rb1 Nb6
28. Rc1 c4 29. Nxc4 Nxc4 30. Rxc4 Qxc4 0-1

[Event "Madrid ch - Previa B"]
[Site "Madrid ESP"]
[Date "2008.11.21"]
[Round "6.7"]
[White "Sotnikov, Taras"]
[Black "Garcia Serrano, Jose Manuel"]
[Result "0-1"]
[WhiteElo "1920"]
[BlackElo "1871"]
[PlyCount "204"]
[EventDate "2008.11.06"]
[EventType "swiss"]
[EventRounds "9"]
[EventCountry "ESP"]
[Source "lmi"]
[SourceDate "2008.11.06"]

1. f4 e5 2. d3 exf4 3. Bxf4 Qf6 4. Qc1 d5 5. Bxc7 Bc5 6. Nf3 Bg4 7. Be5 Qe7 8.
Bd4 Bxf3 9. Bxc5 Qxc5 10. exf3 Nh6 11. c3 O-O 12. d4 Re8+ 13. Kf2 Qe7 14. Bb5
Nc6 15. Na3 a6 16. Bd3 Qf6 17. Nc2 Qh4+ 18. g3 Qf6 19. Re1 Nf5 20. Bxf5 Qxf5
21. Qd2 Re6 22. Rxe6 fxe6 23. Ne3 Qh5 24. Kg2 Rf8 25. Ng4 Qf5 26. Rf1 h5 27.
Ne3 Qg6 28. h4 Qf7 29. f4 Ne7 30. Qd3 Kh8 31. b3 Qf6 32. Rf2 Kg8 33. c4 dxc4
34. bxc4 Rd8 35. Rd2 Ng6 36. d5 e5 37. Qf5 exf4 38. Qxf6 gxf6 39. gxf4 Nxf4+
40. Kf3 Ng6 41. Nf5 Ne5+ 42. Kf4 Nxc4 43. Rg2+ Kf8 44. Rg6 Rxd5 45. Rxf6+ Ke8
46. Rh6 Ra5 47. Rxh5 Rxa2 48. Rh8+ Kf7 49. Rh7+ Kg8 50. Rxb7 Rf2+ 51. Kg5 Rxf5+
52. Kg6 Rb5 53. Rg7+ Kf8 54. Rf7+ Ke8 55. Ra7 Ne5+ 56. Kf6 Ng4+ 57. Kg6 Ne5+
58. Kf6 Nd7+ 59. Kg6 Nf8+ 60. Kf6 Rb6+ 61. Kf5 Nd7 62. h5 Rd6 63. Kg5 Kf8 64.
Kf5 Kg7 65. Ra8 Kh7 66. Kg5 Re6 67. Ra7 Rd6 68. Ra8 Nc5 69. Ra7+ Rd7 70. Ra8
Rg7+ 71. Kf4 Kh6 72. Rh8+ Rh7 73. Rc8 Rf7+ 74. Ke5 Nd3+ 75. Kd4 Rd7+ 76. Kc4
Kxh5 77. Rg8 Kh6 78. Kb3 Ra7 79. Ka4 Kh7 80. Rg5 Kh6 81. Rg8 Nc5+ 82. Ka5 Nd7
83. Ka4 Rb7 84. Rg1 Nc5+ 85. Ka3 Rb5 86. Rg8 a5 87. Rg1 a4 88. Rg8 Rb3+ 89. Ka2
Ne4 90. Ka1 a3 91. Rg4 Re3 92. Ka2 Kh5 93. Rg8 Nd2 94. Ra8 Nc4 95. Rc8 Rc3 96.
Rg8 Kh4 97. Rg2 Kh3 98. Rg8 Kh2 99. Rg4 Rc2+ 100. Ka1 Na5 101. Ra4 Nb3+ 102.
Kb1 Rb2# 0-1

[Event "Madrid ch - Previa B"]
[Site "Madrid ESP"]
[Date "2008.11.21"]
[Round "6.8"]
[White "Avendaño Mateos, Jose"]
[Black "Lozano Sanchez, Jose Antonio"]
[Result "0-1"]
[WhiteElo "1894"]
[BlackElo "1920"]
[PlyCount "113"]
[EventDate "2008.11.06"]
[EventType "swiss"]
[EventRounds "9"]
[EventCountry "ESP"]
[Source "lmi"]
[SourceDate "2008.11.06"]

1. d4 d5 2. c4 c6 3. Nf3 Nf6 4. Nc3 Bf5 5. e3 e6 6. Be2 Nbd7 7. O-O Ne4 8. Nxe4
Bxe4 9. Nd2 Bf5 10. a3 a5 11. b3 Bd6 12. c5 Bc7 13. f4 Qf6 14. Ra2 Qg6 15. Bh5
Qh6 16. Bf3 Nf6 17. Rf2 g5 18. g3 Qg6 19. fxg5 Ne4 20. Nxe4 dxe4 21. Bg4 Bxg4
22. Qxg4 f5 23. Qe2 Qxg5 24. Qc4 Qg6 25. Kf1 h5 26. Ke1 Ke7 27. Kd2 h4 28. gxh4
Rxh4 29. Kc3 Qg1 30. Rf1 Qg5 31. Rff2 Rah8 32. Rg2 Qf6 33. Qf1 Rh3 34. Qg1 Kf7
35. b4 f4 36. Rac2 f3 37. Rgf2 R8h5 38. Bb2 Qh6 39. Kb3 Qxe3+ 40. Rc3 Qg5 41.
Qe1 Qd5+ 42. Ka4 Rxh2 43. Rcc2 Rxf2 44. Rxf2 Bg3 45. Rxf3+ exf3 46. Qxg3 Rg5
47. Qh4 Qf5 48. Bc1 Qc2+ 49. Kxa5 Qxc1 50. Qh7+ Kf6 51. Qh8+ Kf5 52. Kb6 Qxa3
53. Qh3+ Kf4 54. Qh4+ Rg4 55. Qh2+ Ke3 56. Qh6+ Kxd4 57. Qd2+ 0-1

[Event "Madrid ch - Previa B"]
[Site "Madrid ESP"]
[Date "2008.11.21"]
[Round "6.9"]
[White "Garcia Ruiz, Ricardo"]
[Black "De Armentia Roldan, Benigno"]
[Result "0-1"]
[WhiteElo "1920"]
[BlackElo "1870"]
[PlyCount "72"]
[EventDate "2008.11.06"]
[EventType "swiss"]
[EventRounds "9"]
[EventCountry "ESP"]
[Source "lmi"]
[SourceDate "2008.11.06"]

1. e4 c5 2. Nf3 Nc6 3. g3 g6 4. Bg2 Bg7 5. c3 d6 6. O-O Nf6 7. d3 O-O 8. Na3
Rb8 9. Bd2 b5 10. Qe1 b4 11. Nc2 a5 12. Rb1 Ba6 13. c4 b3 14. axb3 Rxb3 15. Be3
Nb4 16. Qe2 Na2 17. Bd2 Qb6 18. Nfe1 Nc3 19. Bxc3 Rxc3 20. Nf3 Rb3 21. Na1 Rb4
22. Rfe1 Nd7 23. Qd1 Bxb2 24. Re2 Bg7 25. Rxb4 cxb4 26. Nb3 a4 27. Nbd2 b3 28.
Qb1 Rb8 29. Re1 a3 30. Qc1 Qb4 31. d4 b2 32. Qb1 Bxc4 33. Nxc4 Qxc4 34. Bf1 Qa4
35. Qa2 Qb3 36. Bc4 Qxf3 0-1

[Event "Madrid ch - Previa B"]
[Site "Madrid ESP"]
[Date "2008.11.21"]
[Round "6.10"]
[White "Valderrama Arroyo, Victor"]
[Black "Gonzalez Ayuso, Gonzalo"]
[Result "1/2-1/2"]
[WhiteElo "1914"]
[BlackElo "1804"]
[PlyCount "66"]
[EventDate "2008.11.06"]
[EventType "swiss"]
[EventRounds "9"]
[EventCountry "ESP"]
[Source "lmi"]
[SourceDate "2008.11.06"]

1. d4 Nf6 2. c4 e5 3. dxe5 Ng4 4. Nf3 Nc6 5. Nc3 Ngxe5 6. e4 Bb4 7. Bf4 Qe7 8.
Rc1 O-O 9. a3 Bxc3+ 10. Rxc3 d6 11. Nxe5 Nxe5 12. f3 Kh8 13. Bxe5 Qxe5 14. Qd5
c6 15. Qxe5 dxe5 16. Be2 Be6 17. Kf2 Rfd8 18. Rd1 Rxd1 19. Bxd1 Rd8 20. Ke2 c5
21. b3 Rd4 22. Rd3 g6 23. g4 f5 24. Rxd4 exd4 25. Kd3 Kg7 26. h3 Kf6 27. f4 h6
28. Bf3 b6 29. e5+ Ke7 30. g5 hxg5 31. fxg5 Bd7 32. Bd5 Be6 33. h4 Bf7 1/2-1/2

[Event "Madrid ch - Previa B"]
[Site "Madrid ESP"]
[Date "2008.11.21"]
[Round "6.11"]
[White "Escoredo Garcia, Jesus"]
[Black "Benito Aragoneses, Miguel Angel"]
[Result "1-0"]
[WhiteElo "1906"]
[BlackElo "1790"]
[PlyCount "95"]
[EventDate "2008.11.06"]
[EventType "swiss"]
[EventRounds "9"]
[EventCountry "ESP"]
[Source "lmi"]
[SourceDate "2008.11.06"]

1. d4 Nf6 2. c4 g6 3. Nc3 Bg7 4. Nf3 O-O 5. e4 d6 6. Bd3 Nbd7 7. O-O e5 8. d5
a6 9. b4 c6 10. Bg5 h6 11. Bh4 g5 12. Bg3 Nh5 13. Ne2 c5 14. a3 b5 15. cxb5
axb5 16. Bxb5 Ba6 17. Bxa6 Rxa6 18. b5 Ra5 19. Qb3 Nb6 20. Nd2 Qd7 21. Rfb1 f5
22. f3 Nxg3 23. Nxg3 f4 24. Nf5 Rfa8 25. Ra2 Ra4 26. h3 c4 27. Qc3 Nxd5 28. Qc2
Nb6 29. Rd1 Bf8 30. Nb1 Qxb5 31. Kh1 Qc5 32. Rd2 R4a6 33. Ra1 Rc8 34. Nc3 Rxa3
35. Rad1 Rc6 36. Kh2 Qb4 37. Nd5 Nxd5 38. exd5 Rc7 39. Rb1 Rb3 40. Ra1 Qb7 41.
Nxd6 Bxd6 42. Qg6+ Rg7 43. Qxd6 c3 44. Rc2 Rb2 45. Qe6+ Kh7 46. Qf5+ Kg8 47. d6
Qc6 48. Rxc3 1-0

[Event "Madrid ch - Previa B"]
[Site "Madrid ESP"]
[Date "2008.11.21"]
[Round "6.12"]
[White "Adan Bonilla, Carlos"]
[Black "Merino Araguas, Jose Javier"]
[Result "1/2-1/2"]
[WhiteElo "1813"]
[BlackElo "1879"]
[PlyCount "96"]
[EventDate "2008.11.06"]
[EventType "swiss"]
[EventRounds "9"]
[EventCountry "ESP"]
[Source "lmi"]
[SourceDate "2008.11.06"]

1. e4 e6 2. d4 d5 3. e5 c5 4. c3 Nc6 5. Nf3 Bd7 6. Bd3 cxd4 7. cxd4 Qb6 8. Bc2
Nb4 9. Bb3 Bb5 10. Ba4 Bxa4 11. Qxa4+ Qc6 12. Qxc6+ bxc6 13. Kd2 c5 14. a3 Nc6
15. dxc5 Bxc5 16. Ke2 Nge7 17. Re1 Nf5 18. Kf1 Nfd4 19. Nxd4 Bxd4 20. f4 Rb8
21. Ra2 Na5 22. Rd1 Nb3 23. Ke2 Kd7 24. Be3 Bxe3 25. Kxe3 Rhc8 26. Nd2 Nxd2 27.
Rxd2 Rb3+ 28. Ke2 Rc4 29. g3 Re4+ 30. Kf2 Ree3 31. Ra1 Rf3+ 32. Kg2 Rfd3 33.
Rad1 Rxd2+ 34. Rxd2 Kc6 35. Rc2+ Kb7 36. Kf2 Rb6 37. Ke3 Rc6 38. Rxc6 Kxc6 39.
Kd4 Kb5 40. b3 a6 41. g4 g6 42. h4 h5 43. g5 a5 44. Kc3 Kc5 45. Kd3 Kb5 46. Kd4
Kc6 47. Kc3 Kc5 48. Kd3 Kb5 1/2-1/2

[Event "Madrid ch - Previa B"]
[Site "Madrid ESP"]
[Date "2008.11.21"]
[Round "6.13"]
[White "Garcia Garcia, Ruben Ii"]
[Black "Montes Rubio, Miguel"]
[Result "1/2-1/2"]
[WhiteElo "1920"]
[BlackElo "1698"]
[PlyCount "63"]
[EventDate "2008.11.06"]
[EventType "swiss"]
[EventRounds "9"]
[EventCountry "ESP"]
[Source "lmi"]
[SourceDate "2008.11.06"]

1. e4 e5 2. Nf3 d6 3. d4 exd4 4. Nxd4 Nf6 5. Nc3 Be7 6. Bc4 O-O 7. O-O Bg4 8.
f3 Bd7 9. Be3 c5 10. Nde2 a6 11. a4 Nc6 12. Nf4 Ne5 13. Be2 Bc6 14. Nfd5 Re8
15. f4 Ng6 16. g3 Bxd5 17. exd5 Qd7 18. Qd3 Bd8 19. Bf3 Ba5 20. Ne4 Nxe4 21.
Bxe4 Qe7 22. Bxg6 Qxe3+ 23. Qxe3 Rxe3 24. Bh5 Rae8 25. c3 g6 26. Bg4 Rd3 27.
Rad1 Ree3 28. Rxd3 Rxd3 29. Rf2 Re3 30. Kg2 h5 31. Re2 Rxe2+ 32. Bxe2 1/2-1/2

[Event "Madrid ch - Previa B"]
[Site "Madrid ESP"]
[Date "2008.11.21"]
[Round "6.14"]
[White "De Los Rios Camacho, Juan A"]
[Black "Leniz Martinez, Francisco"]
[Result "0-1"]
[WhiteElo "1792"]
[BlackElo "1874"]
[PlyCount "84"]
[EventDate "2008.11.06"]
[EventType "swiss"]
[EventRounds "9"]
[EventCountry "ESP"]
[Source "lmi"]
[SourceDate "2008.11.06"]

1. e4 c5 2. Nf3 e6 3. d4 cxd4 4. Nxd4 a6 5. Bd3 Bc5 6. Be3 Qc7 7. Qg4 g6 8. Nc3
Ba7 9. O-O-O d6 10. Ndb5 Bxe3+ 11. fxe3 axb5 12. Nxb5 Qc5 13. Nxd6+ Ke7 14.
Nxc8+ Qxc8 15. Qh4+ Ke8 16. Bc4 Nc6 17. Rd2 Qc7 18. Rhd1 Qe7 19. Qg3 Nf6 20.
Qf4 Nh5 21. Qf2 Ne5 22. Bb5+ Kf8 23. a4 Kg7 24. g4 Nxg4 25. Qe2 Ne5 26. Rg1 Nf6
27. Rd4 Rhc8 28. Rg5 Rc5 29. h4 Rac8 30. c4 h6 31. Rg2 Kh7 32. b4 R5c7 33. c5
b6 34. Kb1 bxc5 35. bxc5 Rxc5 36. Qb2 Rc3 37. a5 Qc5 38. a6 Rb8 39. Rb4 Nd3 40.
Bxd3 Rxb4 41. Qxb4 Qxb4+ 42. Rb2 Rb3 0-1

[Event "Madrid ch - Previa B"]
[Site "Madrid ESP"]
[Date "2008.11.21"]
[Round "6.15"]
[White "Vicario Ramirez, Celestino"]
[Black "Marcos Herrero, Francisco"]
[Result "0-1"]
[WhiteElo "1711"]
[BlackElo "1854"]
[PlyCount "54"]
[EventDate "2008.11.06"]
[EventType "swiss"]
[EventRounds "9"]
[EventCountry "ESP"]
[Source "lmi"]
[SourceDate "2008.11.06"]

1. e4 d6 2. d4 Nf6 3. Nc3 g6 4. Be3 c6 5. Qd2 b5 6. f3 Nbd7 7. Bh6 b4 8. Nce2
Bxh6 9. Qxh6 Qa5 10. Qd2 Ba6 11. Nc1 Bxf1 12. Kxf1 c5 13. Nb3 Qb5+ 14. Ne2 c4
15. Nbc1 O-O 16. c3 a5 17. a3 e5 18. a4 Qb6 19. g4 Rab8 20. h4 bxc3 21. Nxc3
Qxb2 22. Qxb2 Rxb2 23. d5 Rfb8 24. Nb5 Rb6 25. Ne2 Nc5 26. h5 Kg7 27. g5 Nxh5
0-1

[Event "Madrid ch - Previa B"]
[Site "Madrid ESP"]
[Date "2008.11.21"]
[Round "6.16"]
[White "Castro Uceda, Jose Antonio"]
[Black "Prieto Garcia, David"]
[Result "0-1"]
[WhiteElo "1717"]
[BlackElo "1954"]
[PlyCount "100"]
[EventDate "2008.11.06"]
[EventType "swiss"]
[EventRounds "9"]
[EventCountry "ESP"]
[Source "lmi"]
[SourceDate "2008.11.06"]

1. d4 Nf6 2. c4 g6 3. Nc3 d5 4. e3 Bg7 5. Nf3 O-O 6. Bd3 c5 7. O-O dxc4 8. Bxc4
cxd4 9. exd4 Nc6 10. d5 Na5 11. Bb3 Bg4 12. Bf4 Qb6 13. Be3 Qb4 14. Qd4 Qxd4
15. Nxd4 Nxb3 16. Nxb3 Rfd8 17. h3 Bf5 18. g4 Bd3 19. Rfd1 Bc4 20. Bg5 h6 21.
Bxf6 Bxf6 22. Na5 Ba6 23. Rac1 Rd7 24. b4 Rc8 25. Ne4 Rxc1 26. Nxf6+ exf6 27.
Rxc1 Rxd5 28. Rc7 Rd1+ 29. Kg2 Bf1+ 30. Kg3 Rd3+ 31. f3 b6 32. Nc6 a6 33. Re7
Rd2 34. a4 g5 35. f4 Rd3+ 36. Kf2 Bxh3 37. fxg5 hxg5 38. Re4 Kf8 39. Nd4 Ra3
40. Nf3 f5 41. gxf5 Bxf5 42. Re5 Bg4 43. Nxg5 f6 44. Nh7+ Kf7 45. Re1 Bf5 46.
Re3 Rxe3 47. Kxe3 Bxh7 48. Kf4 Ke6 49. a5 b5 50. Ke3 Ke5 0-1

[Event "Madrid ch - Previa B"]
[Site "Madrid ESP"]
[Date "2008.11.21"]
[Round "6.17"]
[White "Franco Rincon, David"]
[Black "Morona Minguez, Irene"]
[Result "0-1"]
[WhiteElo "1752"]
[BlackElo "1743"]
[PlyCount "40"]
[EventDate "2008.11.06"]
[EventType "swiss"]
[EventRounds "9"]
[EventCountry "ESP"]
[Source "lmi"]
[SourceDate "2008.11.06"]

1. e4 c5 2. Nc3 Nc6 3. g3 g6 4. Bg2 Bg7 5. d3 e5 6. f4 Nge7 7. Nf3 d6 8. h3 f5
9. fxe5 Nxe5 10. Bf4 N7c6 11. Nd5 fxe4 12. Bg5 Nxf3+ 13. Bxf3 Qxg5 14. Bg4 Qxd5
15. O-O Bxg4 16. Qxg4 Ne5 17. Qh4 Nf3+ 18. Rxf3 exf3 19. Re1+ Be5 20. c3 O-O
0-1

[Event "Madrid ch - Previa B"]
[Site "Madrid ESP"]
[Date "2008.11.21"]
[Round "6.18"]
[White "Ortiz Berruguete, Adrian"]
[Black "Mosteiro Montoro, Alvaro"]
[Result "1-0"]
[WhiteElo "1637"]
[BlackElo "1832"]
[PlyCount "115"]
[EventDate "2008.11.06"]
[EventType "swiss"]
[EventRounds "9"]
[EventCountry "ESP"]
[Source "lmi"]
[SourceDate "2008.11.06"]

1. e4 c5 2. Nf3 Nc6 3. Bb5 Nd4 4. Nxd4 cxd4 5. c3 a6 6. Ba4 dxc3 7. Nxc3 b5 8.
Bb3 e6 9. Qf3 Bb7 10. d4 Bb4 11. Bd2 Nf6 12. Bc2 Bxc3 13. Bxc3 O-O 14. O-O d6
15. Rfe1 a5 16. a3 Qc7 17. Bd3 Qd7 18. Qh3 g6 19. d5 e5 20. Qxd7 Nxd7 21. Bxb5
Nc5 22. b4 axb4 23. Bxb4 Rfc8 24. a4 Ba6 25. Bc6 Rab8 26. Bxc5 dxc5 27. Rec1 c4
28. Ra3 Rb4 29. f3 Kf8 30. Kf2 Ke7 31. Ke3 Rcb8 32. Kd2 Kd6 33. Kc3 Kc5 34. Rd1
Rb2 35. Bb5 Bxb5 36. Kxb2 Bxa4+ 37. Kc1 Bxd1 38. Kxd1 Rb7 39. Kc2 Kb4 40. Ra1
Kc5 41. Ra8 Kd4 42. Ra3 f5 43. exf5 gxf5 44. d6 e4 45. fxe4 Kxe4 46. Ra1 Rd7
47. Rd1 f4 48. Kc3 h5 49. Kxc4 Ke5 50. Kc5 h4 51. h3 f3 52. gxf3 Kf4 53. Kc6
Rg7 54. d7 Rg8 55. d8=Q Rxd8 56. Rxd8 Kxf3 57. Rg8 Kf4 58. Rg4+ 1-0

[Event "Madrid ch - Previa B"]
[Site "Madrid ESP"]
[Date "2008.11.21"]
[Round "6.19"]
[White "Sanchez Rodajo, Pedro L"]
[Black "Vazquez Moreno, Luis"]
[Result "1-0"]
[WhiteElo "1750"]
[BlackElo "1743"]
[PlyCount "89"]
[EventDate "2008.11.06"]
[EventType "swiss"]
[EventRounds "9"]
[EventCountry "ESP"]
[Source "lmi"]
[SourceDate "2008.11.06"]

1. f4 e5 2. fxe5 d6 3. exd6 Bxd6 4. Nf3 g5 5. g3 g4 6. Nh4 Be7 7. Ng2 h5 8. d4
h4 9. Bf4 Bf5 10. c3 h3 11. Ne3 Be4 12. Rg1 f5 13. Nd2 Nf6 14. Nxe4 fxe4 15.
Nc4 Nc6 16. e3 Qd7 17. Qc2 O-O-O 18. Nd2 Rhe8 19. O-O-O Nd5 20. Nxe4 Bb4 21.
Bb5 Ba5 22. Nc5 Qe7 23. Qf5+ Kb8 24. Bg5 Nxe3 25. Bxe7 Nxf5 26. Bxd8 Rxd8 27.
Bxc6 bxc6 28. Rde1 Bb6 29. Nd3 c5 30. Rgf1 Nxg3 31. hxg3 cxd4 32. c4 c5 33. Ne5
Rg8 34. Re4 Bc7 35. Rxg4 Rxg4 36. Nxg4 Bxg3 37. Rh1 h2 38. Nxh2 Kc7 39. Nf3 Kd6
40. Rh6+ Ke7 41. Rh7+ Kf6 42. Rxa7 Kf5 43. Ra5 Bd6 44. Nxd4+ Ke4 45. Nb3 1-0

[Event "Madrid ch - Previa B"]
[Site "Madrid ESP"]
[Date "2008.11.22"]
[Round "7.1"]
[White "Vazquez Torres, Adrian"]
[Black "Roman Bada, Javier"]
[Result "1/2-1/2"]
[WhiteElo "2023"]
[BlackElo "2031"]
[PlyCount "77"]
[EventDate "2008.11.06"]
[EventType "swiss"]
[EventRounds "9"]
[EventCountry "ESP"]
[Source "lmi"]
[SourceDate "2008.11.06"]

1. e4 c6 2. d4 d5 3. Nc3 dxe4 4. Nxe4 Bf5 5. Ng3 Bg6 6. h4 h6 7. Nf3 Nd7 8. h5
Bh7 9. Bd3 Bxd3 10. Qxd3 e6 11. Bf4 Qa5+ 12. Bd2 Qc7 13. O-O-O O-O-O 14. c4
Ngf6 15. Bc3 Bd6 16. Ne4 Nxe4 17. Qxe4 Rhe8 18. Kb1 Bf8 19. Qe3 Kb8 20. Rhe1 b6
21. Rc1 Kb7 22. Nd2 Nf6 23. Qf3 Nh7 24. Nb3 Ng5 25. Qe2 Qf4 26. c5 Ra8 27. Rc2
Qf5 28. Bd2 Rec8 29. f4 Nh7 30. g4 Qd5 31. Rec1 Rc7 32. Be1 Rac8 33. Bg3 Rd7
34. Rc3 Be7 35. Re3 Rdd8 36. Qe1 Nf6 37. Qe2 Nh7 38. Qe1 Nf6 39. Qe2 1/2-1/2

[Event "Madrid ch - Previa B"]
[Site "Madrid ESP"]
[Date "2008.11.22"]
[Round "7.2"]
[White "Garcia Salamero, Gabriel"]
[Black "Esquivias Gomez, Fco. Javier"]
[Result "1/2-1/2"]
[WhiteElo "2005"]
[BlackElo "2048"]
[PlyCount "65"]
[EventDate "2008.11.06"]
[EventType "swiss"]
[EventRounds "9"]
[EventCountry "ESP"]
[Source "lmi"]
[SourceDate "2008.11.06"]

1. f4 d5 2. Nf3 Nf6 3. e3 g6 4. b3 Bg7 5. Bb2 O-O 6. d4 c5 7. c3 cxd4 8. cxd4
Bg4 9. Be2 Bxf3 10. Bxf3 Nc6 11. O-O e6 12. Qe1 h5 13. Be2 Ne4 14. Bd3 a5 15.
Nd2 Nb4 16. Bb1 Nxd2 17. Qxd2 Qb6 18. a3 Nc6 19. Qd1 a4 20. b4 Na5 21. g4 hxg4
22. Qxg4 Nc4 23. Qe2 Nxb2 24. Qxb2 f5 25. Kh1 Kf7 26. Bd3 Bf6 27. Rg1 Rg8 28.
Rg2 g5 29. fxg5 Rxg5 30. Rxg5 Bxg5 31. Qe2 Rh8 32. Rg1 Qd8 33. Qf2 1/2-1/2

[Event "Madrid ch - Previa B"]
[Site "Madrid ESP"]
[Date "2008.11.22"]
[Round "7.3"]
[White "Montañes Arribas, Adrian"]
[Black "Castejon Caballero, Andres"]
[Result "0-1"]
[WhiteElo "2030"]
[BlackElo "2003"]
[PlyCount "46"]
[EventDate "2008.11.06"]
[EventType "swiss"]
[EventRounds "9"]
[EventCountry "ESP"]
[Source "lmi"]
[SourceDate "2008.11.06"]

1. e4 c5 2. Nf3 Nc6 3. d4 cxd4 4. Nxd4 e5 5. Nb5 a6 6. Nd6+ Bxd6 7. Qxd6 Qf6 8.
Qc7 Qg6 9. Nc3 Nf6 10. f3 O-O 11. Be3 d5 12. Bc5 Re8 13. Bd3 d4 14. Nd5 Nxd5
15. exd5 e4 16. fxe4 Ne5 17. Kf1 Qg5 18. Be2 Qf4+ 19. Bf3 Bh3 20. Ke2 Qe3+ 21.
Kd1 Nxf3 22. gxf3 Qxf3+ 23. Kd2 Qe3+ 0-1

[Event "Madrid ch - Previa B"]
[Site "Madrid ESP"]
[Date "2008.11.22"]
[Round "7.4"]
[White "Lopez Rodriguez, Eduardo"]
[Black "Garcia Serrano, Jose Manuel"]
[Result "0-1"]
[WhiteElo "1897"]
[BlackElo "1871"]
[PlyCount "154"]
[EventDate "2008.11.06"]
[EventType "swiss"]
[EventRounds "9"]
[EventCountry "ESP"]
[Source "lmi"]
[SourceDate "2008.11.06"]

1. e4 e5 2. Nf3 Nc6 3. Bc4 Nf6 4. O-O Bc5 5. d3 h6 6. c3 d6 7. b4 Bb6 8. a4 a5
9. b5 Nb8 10. Be3 Bg4 11. Bxb6 cxb6 12. Nbd2 Qe7 13. Re1 Nbd7 14. Nf1 Nc5 15.
Ng3 Rc8 16. h3 Bd7 17. Qd2 g5 18. Qe2 g4 19. hxg4 Bxg4 20. d4 Ne6 21. dxe5 Nf4
22. Qa2 dxe5 23. Nf5 Bxf5 24. exf5 Nd7 25. g3 Nh3+ 26. Kg2 Ng5 27. Nxg5 hxg5
28. Rh1 O-O 29. Qe2 Nf6 30. Rh6 Kg7 31. Rah1 Rh8 32. Rxh8 Rxh8 33. Re1 e4 34.
Bd3 Re8 35. Qe3 Nd5 36. Qd4+ Nf6 37. Rxe4 Qc5 38. Rxe8 Qxd4 39. cxd4 Nxe8 40.
Kf3 Kf6 41. Ke4 Nc7 42. Bc4 Ne8 43. Bd3 Nc7 44. g4 Ke7 45. Bc4 f6 46. Bd5 Ne8
47. Be6 Kd6 48. f4 Ng7 49. fxg5 fxg5 50. Bc8 Ne8 51. Bxb7 Nf6+ 52. Kf3 Kc7 53.
Bc6 Kd6 54. Ke3 Nxg4+ 55. Kf3 Nh6 56. Be4 Ke7 57. d5 Kf6 58. d6 Nf7 59. d7 Ne5+
60. Kg3 Nxd7 61. Bc2 Ne5 62. Bb1 Nc4 63. Kg4 Ne3+ 64. Kh3 Nxf5 65. Kg4 Ne7 66.
Kf3 Nd5 67. Bc2 Ke5 68. Kg4 Ne3+ 69. Kxg5 Nxc2 70. Kg6 Kd4 71. Kf6 Kc4 72. Ke6
Kb4 73. Kd6 Ne3 74. Kc6 Nc4 75. Kd5 Kc3 76. Kc6 Kd4 77. Kb7 Kc5 0-1

[Event "Madrid ch - Previa B"]
[Site "Madrid ESP"]
[Date "2008.11.22"]
[Round "7.5"]
[White "Nieto De La Cruz, Julio"]
[Black "Cabañas Bravo, Juan Andres"]
[Result "0-1"]
[WhiteElo "2015"]
[BlackElo "2036"]
[PlyCount "110"]
[EventDate "2008.11.06"]
[EventType "swiss"]
[EventRounds "9"]
[EventCountry "ESP"]
[Source "lmi"]
[SourceDate "2008.11.06"]

1. d4 Nf6 2. c4 g6 3. Nc3 d5 4. Nf3 Bg7 5. Bg5 Ne4 6. cxd5 Nxg5 7. Nxg5 e6 8.
Qd2 h6 9. Nf3 exd5 10. e3 O-O 11. Bd3 Nc6 12. O-O Bg4 13. Na4 Bxf3 14. gxf3 Qh4
15. Nc5 Nd8 16. Be2 b6 17. Nd3 Ne6 18. f4 c5 19. dxc5 bxc5 20. Rac1 Rac8 21.
Rc2 Rfd8 22. Qa5 Qe7 23. Rfc1 c4 24. Nb4 Rc5 25. Qa4 Qb7 26. Bf3 Qb6 27. Nxd5
Rcxd5 28. Bxd5 Rxd5 29. Qxc4 Rh5 30. b4 Kh7 31. Rd1 Qb7 32. a3 Rh4 33. Qe2 h5
34. f3 Qb6 35. Qf2 Bf6 36. Rd5 Qa6 37. f5 Ng5 38. fxg6+ fxg6 39. Kg2 Ne6 40.
Ra5 Qb6 41. Qe2 Qb8 42. Kh1 Be5 43. Qa6 Bxh2 44. Qxe6 Bf4+ 45. Kg1 Bxe3+ 46.
Qxe3 Qg3+ 47. Kf1 Rh1+ 48. Ke2 Re1+ 49. Kd3 Qd6+ 50. Ke4 Qe6+ 51. Re5 Rxe3+ 52.
Kxe3 Qxe5+ 53. Kd2 Qh2+ 54. Kd3 Qxc2+ 55. Kxc2 h4 0-1